A fada palavrinha e o gigante das bibliotecas (Registo nº 32050)

Detalhes MARC
000 -Etiqueta do registo
Valores 00799nam a2200253 4500
010 ## - Número ISBN
ISBN 9789722416009
021 ## - Número do Depósito Legal
-- PT
Número 383221/14
090 ## -
-- 32050
100 ## - Dados gerais de processamento
Dados gerais 20150609d2014 c y0pory50030103ba
101 0# - Língua de publicação
-- por
102 ## - País de publicação
-- PT
200 1# - Titulo e menção de responsabilidade
Título próprio A fada palavrinha e o gigante das bibliotecas
Primeira menção de responsabilidade Luísa Ducla Soares
Outras menções de responsabilidade il. Maria João Raimundo
205 ## - Menção da edição
Edição 3ª ed.
210 ## - Publicação
Local de publicação Lisboa
Nome do editor Livros Horizonte
Data de publicação 2014
215 ## - Descrição física 
Paginação / Volumes [42] p.
Outras indicações físicas il.
Dimensões 28 cm
300 ## - Notas gerais 
Texto da nota Ler + Plano Nacional de Leitura.
606 ## - Nome comum usado como assunto
ID Autoridade 506
Palavra de ordem Poesia infantil
675 ## - CDU
Notação 82-93
-- 2040
700 ## - Autor principal (pessoa individual)
ID Autoridade 2431
Apelido Soares
Nome Luísa Ducla
Datas 1939-
-- 070
701 ## - Co-autor principal (pessoa individual)
-- 440
ID Autoridade 3601
Apelido Raimundo
Nome Maria João
801 #0 - Fonte de origem
País PT
Agência BN
Regras de catalogação RPC
856 41 - Localização e acesso electrónico 
URL <a href="http://rnod.bn.pt/ImagesBN/winlibimg.aspx?skey=&doc=1903126&img=60914&save=true">http://rnod.bn.pt/ImagesBN/winlibimg.aspx?skey=&doc=1903126&img=60914&save=true</a>
990 ## - Elementos KOHA
Tipo de documento Livro
Exemplares
Situação do levantamento Estado Biblioteca de origem Biblioteca de empréstimo Código de barras Cota Permissão de empréstimo Tipo de documento Nota relativa ao exemplar Forma de aquisição
  Completo Biblioteca Municipal de Viana Do Alentejo Biblioteca Municipal de Viana Do Alentejo 0031745 82-93 SOA Disponível Livro 10-15 anos  
  Completo Biblioteca Municipal de Viana Do Alentejo Biblioteca Municipal de Viana Do Alentejo Pólo Aguiar 0034078 82-93 SOA Disponível Livro    




Powered by Koha